Kuala Lumpur LRT Ampang Line Stations - Statistics

General Stats
  • This quiz has been taken 8 times
  • The average score is 11 of 18
Answer Stats
Station Code Station Name % Correct
AG2 Sentul
100%
AG1 Sentul Timur
100%
AG18 Ampang
75%
AG6 Bandaraya
75%
AG11 Chan Sow Lin
75%
AG7 Masjid Jamek
75%
AG8 Plaza Rakyat
75%
AG9 BBCC - Hang Tuah
50%
AG17 Cahaya
50%
AG16 Cempaka
50%
AG13 Maluri
50%
AG12 Miharja
50%
AG15 Pandan Indah
50%
AG14 Pandan Jaya
50%
AG10 Pudu
50%
AG4 PWTC
50%
AG5 Sultan Ismail
50%
AG3 Titiwanga
25%
No matching quizzes found
Score Distribution
Percent of People with Each Score
Percentile by Number Answered
Your Score History
You have not taken this quiz